<?xml version="1.0" encoding="UTF-8"?><?xml-stylesheet type="text/xsl" href="static/style.xsl"?><OAI-PMH xmlns="http://www.openarchives.org/OAI/2.0/" xmlns:xsi="http://www.w3.org/2001/XMLSchema-instance" xsi:schemaLocation="http://www.openarchives.org/OAI/2.0/ http://www.openarchives.org/OAI/2.0/OAI-PMH.xsd"><responseDate>2026-04-27T12:29:53Z</responseDate><request verb="GetRecord" identifier="oai:uvadoc.uva.es:10324/4808" metadataPrefix="marc">https://uvadoc.uva.es/oai/request</request><GetRecord><record><header><identifier>oai:uvadoc.uva.es:10324/4808</identifier><datestamp>2021-06-29T09:48:46Z</datestamp><setSpec>com_10324_38</setSpec><setSpec>col_10324_852</setSpec></header><metadata><record xmlns="http://www.loc.gov/MARC21/slim" xmlns:doc="http://www.lyncode.com/xoai" xmlns:xsi="http://www.w3.org/2001/XMLSchema-instance" xmlns:dcterms="http://purl.org/dc/terms/" xsi:schemaLocation="http://www.loc.gov/MARC21/slim http://www.loc.gov/standards/marcxml/schema/MARC21slim.xsd">
<leader>00925njm 22002777a 4500</leader>
<datafield tag="042" ind1=" " ind2=" ">
<subfield code="a">dc</subfield>
</datafield>
<datafield tag="720" ind1=" " ind2=" ">
<subfield code="a">Sánchez Liquete, Clara</subfield>
<subfield code="e">author</subfield>
</datafield>
<datafield tag="260" ind1=" " ind2=" ">
<subfield code="c">2013</subfield>
</datafield>
<datafield tag="520" ind1=" " ind2=" ">
<subfield code="a">La sociedad actual en la que vivimos es una sociedad muy compleja, que está sometida a constantes cambios. La aparición de las Nuevas Tecnologías es uno de los factores que provoca estos cambios, que sin duda afectan también a la Educación. La presencia de las Nuevas Tecnologías en los centros, y su posible aplicación a la asignatura de Educación Física, hace necesario conocer las posibilidades que existen para su utilización en el aula. El propósito de este proyecto, es conocer el efecto de las Nuevas Tecnologías en la educación, sus posibles aplicaciones y la elaboración de recursos y materiales a través de las Nuevas Tecnologías, para trabajar los contenidos de la asignatura de Educación Física para sexto de Educación Primaria, en el colegio Pablo Sáenz de Frómista.</subfield>
</datafield>
<datafield tag="024" ind2=" " ind1="8">
<subfield code="a">http://uvadoc.uva.es/handle/10324/4808</subfield>
</datafield>
<datafield ind1=" " ind2=" " tag="653">
<subfield code="a">Educación física (Estudio y enseñanza)-Educación primaria</subfield>
</datafield>
<datafield tag="245" ind1="0" ind2="0">
<subfield code="a">Las nuevas tecnologías en educación física</subfield>
</datafield>
</record></metadata></record></GetRecord></OAI-PMH>